| 000 | 00677nam a2200181 i 4500 | ||
|---|---|---|---|
| 001 | 81824 | ||
| 003 | ES-MaACL | ||
| 005 | 20250407063106.0 | ||
| 007 | t| | ||
| 008 | 041108s1925 fr ||||1| fre d | ||
| 100 | 1 |
_aIbáñez de Ibero, Carlos, _cMarqués de Mulhacén, _d1888-1966 _9151481 |
|
| 245 | 1 | 0 |
_aCommémoration du centenaire de la naissance du Général Ibáñez de Ibero, Marquis de Mulhacén _b: discours prononcés le 29 mai 1925, a la Sorbonne. |
| 260 |
_aParis : _bPaul Dupont, _c1925. |
||
| 300 |
_a24 p., 1 lám. ; _c25 cm. |
||
| 600 | 1 | 7 |
_aIbáñez de Ibero, Carlos, _d1825-1891 _2 _9151491 |
| 852 |
_aES-MaACL _j1687-F-14 |
||
| 999 |
_c81824 _d81824 |
||